000 00694cam a2200253 4500500
005 20260329004258.0
041 _afre
042 _adc
100 1 0 _aPortevin, Catherine
_eauthor
245 0 0 _aUne colère française
260 _c2019.
500 _a58
690 _aAutonomie
690 _aColère
690 _aCorps intermédiaires
690 _aDenis Maillard
690 _aÉtat
690 _aFrance
690 _aGilets jaunes
690 _aLutte
690 _aSocial
786 0 _nPhilosophie magazine | 129 | 5 | 2019-05-01 | p. 52-52 | 1951-1787
856 4 1 _uhttps://shs.cairn.info/magazine-philosophie-magazine-2019-5-page-52?lang=fr&redirect-ssocas=7080
999 _c1832415
_d1832416